000 00416nam a2200181Ia 4500
005 20251020182610.0
008 200515s9999 xx 000 0 und d
082 _aSC/624.01/D69/1987
110 _aIninvi
245 0 _aQuincha Pre-Fabricada, fabricación y construcción
250 _a4a ed.
260 _aLima
260 _c1987
300 _a95
650 _aPUB ININVI
650 _aQUINCHA
942 _cLIB
999 _c3306
_d3306